Joseph Andrews and Shamela (Record no. 9342)

MARC details
000 -LEADER
fixed length control field 00551cam a2200217ua 4500
001 - CONTROL NUMBER
control field 10361
005 - DATE AND TIME OF LATEST TRANSACTION
control field 20260515114620.0
008 - FIXED-LENGTH DATA ELEMENTS--GENERAL INFORMATION
fixed length control field 180618n xxu |||gr||||Z||||||eng
020 ## - INTERNATIONAL STANDARD BOOK NUMBER
International Standard Book Number 9780199536986
040 ## - CATALOGING SOURCE
Transcribing agency MAIN
041 ## - LANGUAGE CODE
Language code of text/sound track or separate title eng
082 ## - DEWEY DECIMAL CLASSIFICATION NUMBER
Classification number 823
100 ## - MAIN ENTRY--PERSONAL NAME
Personal name Fielding, Henry,
Relator term Author.
245 ## - TITLE STATEMENT
Title Joseph Andrews and Shamela
Statement of responsibility, etc. By Henry Fielding
260 ## - PUBLICATION, DISTRIBUTION, ETC.
Place of publication, distribution, etc. New York:
Name of publisher, distributor, etc. Oxford,
Date of publication, distribution, etc. 2008.
300 ## - PHYSICAL DESCRIPTION
Extent 420p.
653 ## - INDEX TERM--UNCONTROLLED
Uncontrolled term English fiction
700 ## - ADDED ENTRY--PERSONAL NAME
Personal name Brooks Davies, Douglas,
Relator term Editor.
700 ## - ADDED ENTRY--PERSONAL NAME
Personal name Keymer, Thomas,
Relator term Author.
942 ## - ADDED ENTRY ELEMENTS (KOHA)
Koha item type Books
Holdings
Withdrawn status Lost status Damaged status Not for loan Home library Current library Shelving location Date acquired Total checkouts Full call number Barcode Date last seen Copy number Price effective from Koha item type
        Naharkatiya College Library Naharkatiya College Library General stacks 09/19/2020   823English fiction | FIE 23972 09/19/2020 1 09/19/2020 Books